| 000 | 00484nam a2200157Ia 4500 | ||
|---|---|---|---|
| 008 | 210210b1986 xxu||||| |||| 00| 0 eng d | ||
| 020 | _a81 7024 038 7 | ||
| 082 | _a657.046 RAOA | ||
| 100 | _aRAO (Tadiboina Nageswara) and REDDY (Renati Jaya Prakash). | ||
| 245 | _aAdvanced accountancy: solved problems. | ||
| 260 |
_aNew Delhi. _bAshish Publishing House, _c1986 |
||
| 300 | _a402 | ||
| 650 | _aAdvanced Accountancy, Solved Problems | ||
| 690 | _aAccountancy | ||
| 906 | _a052116 | ||
| 999 |
_c100736 _d100736 |
||